Komparácia vybraných ekonomických nástrojov  na podporu podnikania v ČR a v SR diplomová práca

Guardado en:
Detalles Bibliográficos
Autor principal: Šoltýsová, Michaela
Autor Corporativo: Fakulta podnikového manažmentu EU. Katedra podnikovohospodárska
Otros Autores: Barteková, Mária, 1992-
Formato: Libro
Lenguaje:eslovaco
Publicado: Bratislava 2019
Etiquetas: Agregar Etiqueta
Sin Etiquetas, Sea el primero en etiquetar este registro!

MARC

LEADER 00000nbm a2200000 4500
001 0255570
005 20191126143449.7
041 0 |a slo 
044 |a SK 
245 1 0 |a Komparácia vybraných ekonomických nástrojov  na podporu podnikania v ČR a v SR  |b diplomová práca  |c Michaela Šoltýsová ; školiteľ: Mária Barteková 
264 1 |a Bratislava  |c 2019 
300 |a 70 s. 
100 1 |a Šoltýsová, Michaela 
700 1 |a Barteková, Mária, 1992- 
710 2 |a Fakulta podnikového manažmentu EU. Katedra podnikovohospodárska